000 01492cam a22003614a 4500
001 ocn641538950
003 TZ-ArACH
005 20110928094415.0
008 100819s2011 nyua db 001 0 eng
010 _a 2010033329
020 _a0073527807
035 _a(OCoLC)641538950
040 _aDLC
_cDLC
_dBTCTA
043 _an-us---
049 _aTZAA
050 0 0 _aREF HV7411
_b.R87
082 0 0 _a364.97303
_222
100 1 _aIreland, Connie.
_92398
245 1 4 _aThe dictionary of criminal justice /
_cConnie Ireland, George E. Rush ; with summaries of Supreme Court cases affecting criminal justice [by] Judy Hails.
250 _a7th ed.
260 _aNew York, NY :
_bMcGraw-Hill,
_cc2011.
300 _a644 p. :
_bill. ;
_c24 cm.
500 _aGeorge E. Rush's name appeared first in earlier eds.
504 _aIncludes bibliographical references (p. 509-544) and index.
650 0 _aCriminal justice, Administration of
_vDictionaries.
_92399
650 0 _aCriminal justice, Administration of
_zUnited States
_vDictionaries.
_92400
650 0 _aJustice pénale, Administration
_vDictionnaires anglais.
_92401
650 0 _aJustice pénale
_zÉtats-Unis
_vDictionnaires anglais.
_92402
700 1 _aHails, Judy.
_92403
700 1 _aRush, George E.
_q(George Eugene),
_d1932-
_tDictionary of criminal justice.
_92404
942 _2lcc
_cBOOK
999 _c1364
_d1364